000 00634nam a22001817a 4500
003 BUBTL
008 190424b xxu||||| |||| 00| 0 eng d
020 _a9848324823
082 _a891.443 BIS
100 _92291
_aরায়, মিলন
245 _aবিভূতিভূষণের শ্রেষ্ঠ উপন্যাস /
_cমিলন রায়
260 _aঢাকা
_bতিশা বুক ট্রেড
_cc2008
300 _a800 p. :
_c21 cm.
650 0 _91687
_aবাংলা সাহিত্য
856 _k0
_l0
_yDownload
942 _2ddc
_cBK
999 _c5989
_d5989